| 000 | 00703cam a22002051 4500 | ||
|---|---|---|---|
| 001 | af 47001203 | ||
| 003 | DLC | ||
| 005 | 20260227110807.0 | ||
| 008 | 970416s1943 sz f 000 0 ger c | ||
| 010 | _aaf 47001203 | ||
| 035 | _a(OCoLC)36747863 | ||
| 040 |
_aHarvard univ. Library _cNN _dDLC |
||
| 050 | 0 | 0 |
_aG463 _b.M225 |
| 100 | 1 | _aMaeder, Julius. | |
| 245 | 1 | 4 |
_aDer weg als ziel; _beine weltfahrt. |
| 260 |
_aZürich-Zollikon, _bE.A. Hofmann _c[1943] |
||
| 300 |
_a442 p. incl. plates. _c18 cm. |
||
| 500 | _a"Das vorliegende buch ... ist die zusammenfassung von tagebuchblättern, die auf meinen reisen zwischen den beiden weltkriegen entstanden sind."--p. [9]. | ||
| 650 | 0 | _aVoyages and travels. | |
| 999 |
_c1154 _d1154 |
||